[Event "World Open"]
[Site "Valley Forge, PA"]
[Date "2010.07.05"]
[Round "8"]
[White "Bellaiche, Antony"]
[Black "Thavandiran, Shiyam"]
[Result "1-0"]
[WhiteElo "2442"]
[BlackElo "2316"]
[PlyCount "81"]
[EventDate "2010.07.??"]
[EventCountry "USA"]
[Source "MonRoi"]

1. d4 Nf6 2. c4 e6 3. Nc3 Bb4 4. e3 b6 5. Nge2 O-O 6. a3 Be7 7. d5 d6 8. Ng3 e5
9. Be2 g6 10. e4 h5 11. Bh6 Re8 12. Qd2 Nh7 13. Nf1 h4 14. Be3 f5 15. exf5 gxf5
16. g3 Nd7 17. O-O-O Nc5 18. Qc2 a5 19. gxh4 Kh8 20. Rg1 Bxh4 21. Ng3 f4 22.
Bxc5 bxc5 23. Nge4 Rg8 24. h3 Bxh3 25. Qd3 Bg2 26. Bf3 Bxf3 27. Qxf3 Rxg1 28.
Rxg1 Qe7 29. Qh5 Rg8 30. Rh1 Bg5 31. f3 Rg7 32. Nb5 Kg8 33. Qg4 Nf8 34. Na7 Qd7
35. Qh5 Be7 36. Qh8+ Kf7 37. Nc6 Rg8 38. Qh5+ Rg6 39. Nxc5 Qc8 40. Ne6 Nxe6 41.
Qxg6+ 1-0

[Event "World Open"]
[Site "Valley Forge, PA"]
[Date "2010.07.05"]
[Round "8"]
[White "Gorman, Dov"]
[Black "Macak, Stefan"]
[Result "1/2-1/2"]
[WhiteElo "2298"]
[BlackElo "2411"]
[PlyCount "105"]
[EventDate "2010.07.??"]
[EventCountry "USA"]
[Source "MonRoi"]

1. e4 e6 2. d4 d5 3. Nd2 Nf6 4. e5 Nfd7 5. Bd3 c5 6. c3 Nc6 7. Ne2 cxd4 8. cxd4
f6 9. exf6 Nxf6 10. Nf3 Bd6 11. Bf4 Qa5+ 12. Qd2 Qxd2+ 13. Kxd2 Bxf4+ 14. Nxf4
O-O 15. Rhe1 Ne4+ 16. Bxe4 Rxf4 17. Bd3 Nxd4 18. Ke3 Nxf3 19. Kxf4 Nxe1 20.
Rxe1 Bd7 21. Ke5 Bc6 22. b4 a6 23. Rc1 Bb5 24. Bxb5 axb5 25. Kxe6 d4 26. Rc2 d3
27. Rd2 Re8+ 28. Kd6 Re2 29. Rxd3 Rxf2 30. Rg3 Rxa2 31. Kc5 Ra6 32. Kxb5 Kf7
33. Rc3 Ra2 34. Rf3+ Ke6 35. Rg3 Kf6 36. Kb6 Rb2 37. b5 h5 38. h4 Rb4 39. Rf3+
Ke5 40. Rf7 g6 41. Rxb7 Rxh4 42. Kc5 Rh1 43. Re7+ Kf4 44. b6 Rc1+ 45. Kd6 Rb1
46. Kc7 g5 47. b7 Kg3 48. Re5 g4 49. Kc6 Rxb7 50. Kxb7 Kxg2 51. Rxh5 g3 52. Kc6
Kf2 53. Rf5+ 1/2-1/2

[Event "World Open"]
[Site "Valley Forge, PA"]
[Date "2010.07.05"]
[Round "8"]
[White "Leve, Nitai"]
[Black "Haskel, Jeffrey"]
[Result "1-0"]
[WhiteElo "2117"]
[BlackElo "2240"]
[PlyCount "71"]
[EventDate "2010.07.??"]
[EventCountry "USA"]
[Source "MonRoi"]

1. e4 e6 2. Nf3 d5 3. Nc3 d4 4. Ne2 c5 5. Ng3 Qc7 6. Bc4 Nf6 7. d3 Bd6 8. Qe2
Nc6 9. a3 h5 10. Bg5 Bd7 11. O-O Ng4 12. h3 Nxf2 13. e5 Nxe5 14. Nxe5 Nxh3+ 15.
gxh3 Bxe5 16. Nxh5 Bh2+ 17. Qxh2 Qxh2+ 18. Kxh2 Rxh5 19. Rg1 Kf8 20. Raf1 f6
21. Bd2 Kf7 22. c3 Rah8 23. Rg3 Ke8 24. cxd4 cxd4 25. Bb4 R5h7 26. Kg1 e5 27.
Bd5 Bxh3 28. Rc1 g5 29. Be4 Rg7 30. Rxh3 Rxh3 31. Bf5 Rgh7 32. Rc8+ Kf7 33.
Rc7+ Kg8 34. Be6+ Kh8 35. Rc8+ Kg7 36. Rg8+ 1-0

[Event "World Open"]
[Site "Valley Forge, PA"]
[Date "2010.07.05"]
[Round "9"]
[White "Laznicka, Viktor"]
[Black "Van Wely, Loek"]
[Result "1/2-1/2"]
[WhiteElo "2636"]
[BlackElo "2653"]
[PlyCount "110"]
[EventDate "2010.07.??"]
[EventCountry "USA"]
[Source "MonRoi"]

1. d4 Nf6 2. c4 e6 3. Nc3 c5 4. d5 d6 5. e4 g6 6. Nf3 Bg7 7. Bd3 O-O 8. h3 Na6
9. O-O Nc7 10. Bg5 h6 11. Bh4 g5 12. Bg3 Nh5 13. Bh2 Nf4 14. Bc2 Rb8 15. a4 a6
16. Qd2 b5 17. axb5 axb5 18. Bxf4 gxf4 19. cxb5 Nxb5 20. Qxf4 Nd4 21. Nxd4 cxd4
22. Nd1 exd5 23. exd5 Re8 24. Ra3 Qf6 25. Qxf6 Bxf6 26. f4 Bb7 27. Ba4 Re2 28.
Bc6 Bc8 29. Rf2 Re1+ 30. Rf1 Re2 31. Rf2 Re4 32. Kh2 h5 33. b4 d3 34. b5 Bd4
35. Rf1 d2 36. Rd3 Re1 37. Rxd2 Rxf1 38. Rxd4 Re1 39. Kg3 Bf5 40. Kf2 Re4 41.
Rxe4 Bxe4 42. Nc3 Bd3 43. Ke3 Bf1 44. Kf2 Bd3 45. Ke3 Bc4 46. g4 h4 47. f5 Bf1
48. Kf4 Kg7 49. Ne4 Bxh3 50. f6+ Kg6 51. Bd7 Bg2 52. Bf5+ Kh6 53. g5+ Kh5 54.
Bg4+ Kg6 55. Bf5+ Kh5 1/2-1/2

[Event "World Open"]
[Site "Valley Forge, PA"]
[Date "2010.07.05"]
[Round "9"]
[White "Hess, Robert"]
[Black "Smirin, Ilia"]
[Result "0-1"]
[WhiteElo "2590"]
[BlackElo "2634"]
[PlyCount "80"]
[EventDate "2010.07.??"]
[EventCountry "USA"]
[Source "MonRoi"]

1. e4 c5 2. Nf3 e6 3. d4 cxd4 4. Nxd4 a6 5. Bd3 Bc5 6. Nb3 Be7 7. Qf3 g6 8. Qg3
Nc6 9. O-O h5 10. f4 d6 11. Be3 h4 12. Qf2 h3 13. Bb6 hxg2 14. Bxd8 gxf1=Q+ 15.
Bxf1 Bxd8 16. N1d2 Nf6 17. Qf3 Rh4 18. Nc4 d5 19. Nd6+ Kf8 20. Qf2 Ng4 21. Qc5
Be7 22. exd5 exd5 23. h3 Be6 24. hxg4 Rxg4+ 25. Kh2 Rd8 26. Nxb7 Bxc5 27. N3xc5
Rb8 28. Bh3 Rh4 29. Nxe6+ fxe6 30. Nc5 Ke7 31. Kg3 Rbh8 32. Bg4 Rh1 33. Rxh1
Rxh1 34. Nxe6 Rg1+ 35. Kh4 Rxg4+ 36. Kxg4 Kxe6 37. Kg5 Nd4 38. Kxg6 Nxc2 39.
f5+ Ke5 40. b4 Nxb4 0-1

[Event "World Open"]
[Site "Valley Forge, PA"]
[Date "2010.07.05"]
[Round "9"]
[White "McShane, Luke J"]
[Black "Shabalov, Alexander"]
[Result "1-0"]
[WhiteElo "2623"]
[BlackElo "2585"]
[PlyCount "81"]
[EventDate "2010.07.??"]
[EventCountry "USA"]
[Source "MonRoi"]

1. e4 c5 2. Nf3 d6 3. Bc4 Nf6 4. d3 e6 5. Bb3 Be7 6. c3 O-O 7. O-O b6 8. Re1
Bb7 9. Nbd2 Nc6 10. Nf1 Rc8 11. Ng3 Ne5 12. Bf4 Qc7 13. d4 Ng6 14. Bd2 cxd4 15.
cxd4 d5 16. e5 Ne4 17. Rc1 Qd7 18. Ba4 Rxc1 19. Bxc1 Qc7 20. Bb5 f5 21. Ne2 f4
22. Rf1 Qc8 23. Qa4 Qa8 24. Ne1 a6 25. Bd3 Bc6 26. Qd1 Qe8 27. f3 Ng5 28. Bc2
a5 29. Nd3 Bb5 30. Rf2 Qc6 31. Ndxf4 Nh4 32. Kh1 Bc4 33. a3 Ba6 34. Bb1 g6 35.
Ng3 Qd7 36. Be3 Bc4 37. Nfe2 Nf7 38. Qd2 Qd8 39. Bc2 b5 40. Nf4 Ng5 41. b3 1-0

[Event "World Open"]
[Site "Valley Forge, PA"]
[Date "2010.07.05"]
[Round "9"]
[White "Ehlvest, Jaan"]
[Black "Kamsky, Gata"]
[Result "1/2-1/2"]
[WhiteElo "2591"]
[BlackElo "2702"]
[PlyCount "53"]
[EventDate "2010.07.??"]
[EventCountry "USA"]
[Source "MonRoi"]

1. Nf3 Nf6 2. c4 c6 3. d4 d5 4. e3 g6 5. Nc3 Bg7 6. Bd3 O-O 7. O-O a6 8. Bd2
Bg4 9. h3 Bxf3 10. Qxf3 e6 11. Rfd1 Nbd7 12. Be1 Qb6 13. Qe2 a5 14. Qc2 Rfd8
15. Rac1 Qa7 16. b3 Ne8 17. Bf1 Ndf6 18. Na4 Nd7 19. Nb2 Nd6 20. a4 Rdc8 21.
Qb1 Qb8 22. Nd3 Qc7 23. Qa2 Qd8 24. Bc3 Ne4 25. Be1 Nd6 26. Bc3 Ne4 27. Be1
1/2-1/2

[Event "World Open"]
[Site "Valley Forge, PA"]
[Date "2010.07.05"]
[Round "9"]
[White "Gustafsson, Jan"]
[Black "Hungaski, Robert"]
[Result "1-0"]
[WhiteElo "2640"]
[BlackElo "2427"]
[PlyCount "113"]
[EventDate "2010.07.??"]
[EventCountry "USA"]
[Source "MonRoi"]

1. d4 d5 2. c4 e6 3. Nf3 c5 4. cxd5 exd5 5. g3 Nc6 6. Bg2 Nf6 7. O-O Be7 8.
dxc5 Bxc5 9. Bg5 Be6 10. Nc3 d4 11. Ne4 Be7 12. Bxf6 Bxf6 13. b4 a6 14. a4 Nxb4
15. Nxf6+ Qxf6 16. Qxd4 a5 17. Rfc1 O-O 18. Qxf6 gxf6 19. Nd4 Rab8 20. Rc7 b6
21. Be4 Rfe8 22. Bf3 Rec8 23. Nxe6 fxe6 24. Re7 Re8 25. Rxe8+ Rxe8 26. Rd1 Rb8
27. Rd7 b5 28. axb5 Rxb5 29. Ra7 Rc5 30. Bg4 f5 31. Bh5 e5 32. Kg2 e4 33. Kh3
Nd5 34. Bf7+ Kh8 35. Kh4 Nc7 36. Kg5 Kg7 37. Bb3 h6+ 38. Kf4 Kf6 39. g4 fxg4
40. Kxe4 Nb5 41. Ra6+ Kg5 42. f4+ gxf3 43. exf3 h5 44. f4+ Kh4 45. f5 a4 46.
Be6 Rc2 47. f6 Nc7 48. Rxa4 Rxh2 49. Bf5 Rb2 50. f7 Rb8 51. Rc4 Kg5 52. Rxc7
Kf6 53. Bc8 Kg7 54. Be6 h4 55. Ke5 Rh8 56. Rc1 Rh5+ 57. Kd6 1-0

[Event "World Open"]
[Site "Valley Forge, PA"]
[Date "2010.07.05"]
[Round "9"]
[White "Sandipan, Chanda"]
[Black "Arnold, Marc"]
[Result "1-0"]
[WhiteElo "2640"]
[BlackElo "2433"]
[PlyCount "74"]
[EventDate "2010.07.??"]
[EventCountry "USA"]
[Source "MonRoi"]

1. d4 Nf6 2. c4 e6 3. Nc3 Bb4 4. g3 c5 5. Nf3 cxd4 6. Nxd4 O-O 7. Bg2 d5 8.
cxd5 Nxd5 9. Qb3 Nc6 10. Nxc6 bxc6 11. O-O Qa5 12. Bd2 Bxc3 13. bxc3 Ba6 14.
Rfd1 Qb5 15. Qa3 Qb7 16. Rab1 Qc8 17. e4 Nb6 18. Bf4 Be2 19. Re1 Bb5 20. h4 f6
21. Bh3 Qe8 22. Bc7 Nc4 23. Qc1 Qf7 24. Bf4 e5 25. Be3 Nxe3 26. Qxe3 Qxa2 27.
Ra1 Qf7 28. Red1 a5 29. Rd7 Qc4 30. Qb6 Qxe4 31. Qc7 Qg6 32. Be6+ Kh8 33. c4
Ba6 34. Qxc6 a4 35. Rxa4 Rab8 36. Rxa6 Rb1+ 37. Kg2 Qc2 1-0

[Event "World Open"]
[Site "Valley Forge, PA"]
[Date "2010.07.05"]
[Round "9"]
[White "Perelshteyn, Eugene"]
[Black "Bercys, Salvijus"]
[Result "0-1"]
[WhiteElo "2534"]
[BlackElo "2427"]
[PlyCount "105"]
[EventDate "2010.07.??"]
[EventCountry "USA"]
[Source "MonRoi"]

1. d4 Nf6 2. c4 g6 3. Nc3 Bg7 4. e4 d6 5. Nf3 O-O 6. Be2 e5 7. Be3 c6 8. d5 Ng4
9. Bg5 f6 10. Bh4 c5 11. Nd2 Nh6 12. f3 Nf7 13. a3 Nd7 14. Rb1 Bh6 15. Bf2 f5
16. b4 b6 17. O-O Nf6 18. exf5 gxf5 19. Kh1 Nh8 20. Re1 Ng6 21. Bf1 Bg7 22. Rb3
h5 23. bxc5 bxc5 24. Ne2 h4 25. Ng1 Bh6 26. Nh3 Bd7 27. Rb7 Qc8 28. Rb2 Qa6 29.
Be3 Bg7 30. Qb1 Qxa3 31. Bg5 Qa6 32. Rb7 Bc8 33. Rb5 Nd7 34. f4 e4 35. Nxe4
fxe4 36. Qxe4 Nde5 37. fxe5 Bf5 38. Qe2 Nxe5 39. Qh5 Bxh3 40. gxh3 Qa3 41. Rb7
Qf3+ 42. Qxf3 Rxf3 43. Be7 Rf7 44. Reb1 Bf8 45. Bxh4 a5 46. R7b2 a4 47. Ra2 Rf3
48. Bg3 Bg7 49. Be2 Rc3 50. Bxe5 Bxe5 51. Rd1 a3 52. Bd3 Rb3 53. Kg2 0-1

[Event "World Open"]
[Site "Valley Forge, PA"]
[Date "2010.07.05"]
[Round "9"]
[White "Wang, Puchen"]
[Black "Neimer, Vitaly"]
[Result "1-0"]
[WhiteElo "2469"]
[BlackElo "2397"]
[PlyCount "99"]
[EventDate "2010.07.??"]
[EventCountry "USA"]
[Source "MonRoi"]

1. Nf3 c5 2. c4 Nc6 3. g3 e5 4. Nc3 g6 5. Bg2 Bg7 6. O-O d6 7. d3 f5 8. Ne1
Nge7 9. Nc2 O-O 10. Ne3 Rb8 11. Rb1 Be6 12. Ned5 h6 13. a3 g5 14. b4 f4 15. e3
fxe3 16. Bxe3 Nd4 17. Bxd4 cxd4 18. Nxe7+ Qxe7 19. Nd5 Qd7 20. b5 b6 21. a4 Bf6
22. Ra1 Bd8 23. Ra2 Qg7 24. Qe2 Rc8 25. Nb4 Kh8 26. Rfa1 Rc7 27. Nc6 Rcf7 28.
Be4 Qf6 29. Qe1 Bf5 30. Bxf5 Qxf5 31. Qe2 Qd7 32. Qe4 Qf5 33. Qxf5 Rxf5 34.
Nxa7 Rf3 35. Rd1 g4 36. Nc6 Bc7 37. Rb2 h5 38. Rdd2 h4 39. gxh4 Kg7 40. a5 Ra8
41. a6 Kh6 42. Ra2 Kh5 43. a7 Kxh4 44. Kg2 Kg5 45. Ra6 Kf6 46. Nb4 Ke6 47. Nd5
Kd7 48. Rda2 Rxd3 49. Rxb6 Rc3 50. Rb7 1-0

[Event "World Open"]
[Site "Valley Forge, PA"]
[Date "2010.07.05"]
[Round "9"]
[White "Robson, Ray"]
[Black "Schneider, Igor"]
[Result "1-0"]
[WhiteElo "2569"]
[BlackElo "2392"]
[PlyCount "97"]
[EventDate "2010.07.??"]
[EventCountry "USA"]
[Source "MonRoi"]

1. e4 e6 2. d4 d5 3. Nc3 Nf6 4. e5 Nfd7 5. Nce2 c5 6. c3 Nc6 7. f4 cxd4 8. cxd4
f5 9. Nf3 Be7 10. Nc3 O-O 11. Bd3 Nb6 12. a3 a5 13. b3 Bd7 14. h4 Be8 15. h5
Kh8 16. a4 Nb4 17. Be2 Rb8 18. Bd2 Na8 19. Kf2 Nc7 20. Rc1 b5 21. axb5 Nxb5 22.
Na4 Nc7 23. Nc5 Bb5 24. Qe1 Bxe2 25. Qxe2 Bxc5 26. Rxc5 Nca6 27. Bxb4 Nxb4 28.
h6 g6 29. Rhc1 Rf7 30. Ng5 Re7 31. Kg3 Kg8 32. Rb5 Ra8 33. Rbc5 Rb8 34. Ra1 Qf8
35. Raxa5 Qxh6 36. Rab5 Qf8 37. Rxb8 Qxb8 38. Rb5 Rb7 39. Rxb7 Qxb7 40. Nxe6
Qb6 41. Nc5 Nc6 42. Qf3 Ne7 43. Qc3 Kg7 44. b4 Nc6 45. Ne6+ Kg8 46. Qa3 Qxb4
47. Qa8+ Nb8 48. Kh2 Kf7 49. Ng5+ 1-0

[Event "World Open"]
[Site "Valley Forge, PA"]
[Date "2010.07.05"]
[Round "9"]
[White "Neubauer, Martin"]
[Black "Holt, Conrad"]
[Result "1-0"]
[WhiteElo "2458"]
[BlackElo "2375"]
[PlyCount "83"]
[EventDate "2010.07.??"]
[EventCountry "USA"]
[Source "MonRoi"]

1. Nf3 d5 2. c4 c6 3. g3 Bg4 4. Qb3 Qc7 5. Bg2 e6 6. O-O Nf6 7. d4 Nbd7 8. Bf4
dxc4 9. Qxc4 Bd6 10. Bxd6 Qxd6 11. Nbd2 Bxf3 12. Nxf3 O-O 13. Rfd1 Rad8 14.
Rac1 Rfe8 15. b4 a6 16. a4 Nd5 17. b5 N7b6 18. Qb3 cxb5 19. axb5 a5 20. Ng5 a4
21. Qb1 g6 22. Ne4 Qe7 23. Nc5 e5 24. e4 Nf6 25. d5 a3 26. Bh3 Rf8 27. Qa1 h5
28. Rd3 Ne8 29. Qxa3 Ra8 30. Qb4 Ra4 31. d6 Qg5 32. Qd2 Qxd2 33. Rxd2 Rc4 34.
Rxc4 Nxc4 35. d7 Ned6 36. Rd5 b6 37. Bf1 bxc5 38. Bxc4 Nb7 39. Rxe5 Rd8 40. Re7
Nd6 41. e5 Nb7 42. Bd5 1-0

[Event "World Open"]
[Site "Valley Forge, PA"]
[Date "2010.07.05"]
[Round "9"]
[White "Barrett, Steve"]
[Black "Bellaiche, Antony"]
[Result "1/2-1/2"]
[WhiteElo "2181"]
[BlackElo "2442"]
[PlyCount "76"]
[EventDate "2010.07.??"]
[EventCountry "USA"]
[Source "MonRoi"]

1. d4 Nf6 2. c4 e6 3. Nc3 Bb4 4. Qc2 O-O 5. a3 Bxc3+ 6. Qxc3 d5 7. Bg5 c5 8.
dxc5 d4 9. Qc2 Nc6 10. b4 e5 11. e3 Re8 12. Rd1 h6 13. Bxf6 Qxf6 14. e4 a5 15.
b5 Nd8 16. a4 Ne6 17. c6 Nc5 18. cxb7 Bxb7 19. Bd3 Nxd3+ 20. Qxd3 Qg6 21. Ne2
Bxe4 22. Qg3 Qxg3 23. Nxg3 Bc2 24. Rc1 Bxa4 25. Ne4 Bb3 26. c5 Bd5 27. f3 Rab8
28. Nd6 Red8 29. Ra1 Rxd6 30. cxd6 Rxb5 31. d7 Rb8 32. Rxa5 Be6 33. Rxe5 Bxd7
34. Kf2 Be6 35. Rd1 Rd8 36. g4 Bb3 37. Rd2 d3 38. Rc5 Rd7 1/2-1/2

[Event "World Open"]
[Site "Valley Forge, PA"]
[Date "2010.07.05"]
[Round "9"]
[White "Panchanathan, Magesh"]
[Black "Adamson, Robby"]
[Result "1-0"]
[WhiteElo "2549"]
[BlackElo "2328"]
[PlyCount "101"]
[EventDate "2010.07.??"]
[EventCountry "USA"]
[Source "MonRoi"]

1. Nf3 c5 2. c4 g6 3. d4 Bg7 4. Nc3 cxd4 5. Nxd4 Nc6 6. e3 Nf6 7. Be2 O-O 8.
O-O d6 9. b3 Bd7 10. Bb2 Qa5 11. Qd2 Rfc8 12. Rfd1 a6 13. Rac1 Rab8 14. a3 Qd8
15. h3 Qf8 16. a4 Nxd4 17. Qxd4 Be6 18. Qd2 Nd7 19. Ba1 Qd8 20. e4 Nc5 21. Rb1
Nd7 22. h4 Qf8 23. Re1 Bf6 24. h5 Qg7 25. Bd3 Be5 26. Nd5 Bxd5 27. exd5 Qf6 28.
a5 Bxa1 29. Rxa1 Ne5 30. Be2 g5 31. Qe3 Rc7 32. Rad1 Kh8 33. Rd4 Rg8 34. g3 g4
35. Kg2 Qg5 36. Qc3 f5 37. Rf4 Qf6 38. Qe3 Qg5 39. Bd3 Rf8 40. Qd4 Rcc8 41.
Rxe5 dxe5 42. Qxe5+ Qg7 43. Qxg7+ Kxg7 44. Bxf5 Rc7 45. Rxg4+ Kh6 46. Be6 Rf6
47. Re4 Kxh5 48. f4 Kg6 49. b4 Rf8 50. c5 h6 51. Kf3 1-0

[Event "World Open"]
[Site "Valley Forge, PA"]
[Date "2010.07.05"]
[Round "9"]
[White "Henry, Liam"]
[Black "Gorman, Dov"]
[Result "0-1"]
[WhiteElo "2187"]
[BlackElo "2298"]
[PlyCount "66"]
[EventDate "2010.07.??"]
[EventCountry "USA"]
[Source "MonRoi"]

1. e4 c5 2. Nf3 d6 3. d4 cxd4 4. Nxd4 Nf6 5. Nc3 g6 6. Be3 Bg7 7. f3 Nc6 8. Qd2
O-O 9. Bc4 Bd7 10. O-O-O Qc7 11. Bb3 Rfc8 12. h4 Na5 13. h5 Nc4 14. Bxc4 Qxc4
15. hxg6 fxg6 16. g4 b5 17. Kb1 b4 18. Nd5 Nxd5 19. exd5 Qxd5 20. Qh2 Qe5 21.
f4 Qxe3 22. Rhe1 Bxd4 23. Rxe3 Bxe3 24. Re1 Bxg4 25. Rxe3 e6 26. c3 d5 27. Qd2
Bf5+ 28. Kc1 Rc4 29. Kd1 Rac8 30. Qe1 Kf7 31. Qh4 h5 32. Kd2 d4 33. cxd4 Rc1
0-1

[Event "World Open"]
[Site "Valley Forge, PA"]
[Date "2010.07.05"]
[Round "9"]
[White "Reichstein, Boris"]
[Black "Gulamali, Kazim"]
[Result "0-1"]
[WhiteElo "2133"]
[BlackElo "2357"]
[PlyCount "104"]
[EventDate "2010.07.??"]
[EventCountry "USA"]
[Source "MonRoi"]

1. e4 c5 2. Nf3 d6 3. d4 cxd4 4. Nxd4 Nf6 5. f3 e5 6. Bb5+ Nbd7 7. Nb3 a6 8.
Be2 b5 9. O-O Qb6+ 10. Kh1 Bb7 11. a4 Be7 12. axb5 axb5 13. Rxa8+ Bxa8 14. Na3
b4 15. Nc4 Qb8 16. Ne3 g6 17. Bd2 O-O 18. c4 bxc3 19. Bxc3 Nb6 20. Nc4 Na4 21.
Be1 d5 22. exd5 Bxd5 23. Nba5 Nxb2 24. Qa1 Nxc4 25. Nxc4 Nd7 26. Bc3 f6 27. Rd1
Be6 28. Ne3 Qb7 29. Rb1 Qa8 30. Rd1 Nb6 31. Qxa8 Rxa8 32. Ra1 Rxa1+ 33. Bxa1
Bc5 34. Nf1 Kf7 35. g3 Bc4 36. Bxc4+ Nxc4 37. Bc3 Ke6 38. Kg2 Kd5 39. g4 Ne3+
40. Nxe3+ Bxe3 41. Ba5 Kc4 42. Bd8 f5 43. gxf5 gxf5 44. Bc7 Bf4 45. h3 Kd3 46.
Kf2 h5 47. h4 Be3+ 48. Kg2 Bd4 49. Bd8 Ke2 50. Bf6 Bc3 51. Bg7 e4 52. fxe4 f4
0-1

[Event "World Open"]
[Site "Valley Forge, PA"]
[Date "2010.07.05"]
[Round "9"]
[White "Uesugi, Shinsaku"]
[Black "Bailleau, Gerald"]
[Result "1/2-1/2"]
[WhiteElo "2332"]
[BlackElo "2219"]
[PlyCount "93"]
[EventDate "2010.07.??"]
[EventCountry "USA"]
[Source "MonRoi"]

1. Nf3 Nf6 2. g3 d5 3. Bg2 e6 4. O-O Be7 5. d4 O-O 6. c4 dxc4 7. Qc2 a6 8. Qxc4
b5 9. Qc2 Bb7 10. Bd2 Be4 11. Qc1 Bb7 12. Bf4 Bd6 13. Rd1 Qe7 14. Nbd2 Bxf4 15.
gxf4 Rc8 16. Nb3 Bd5 17. Ne5 Bxg2 18. Kxg2 Nfd7 19. Qe3 Nxe5 20. fxe5 Nd7 21.
Rac1 Nb6 22. Nc5 Nc4 23. Qc3 h6 24. b3 Nb6 25. Qg3 a5 26. Rg1 Kh8 27. Kh1 Rg8
28. e4 b4 29. Qe3 a4 30. Qd2 axb3 31. axb3 Rgd8 32. Rg3 Rg8 33. Rcg1 Kh7 34.
Rh3 g5 35. Nd3 Nd7 36. Nxb4 f6 37. Nc6 Qg7 38. exf6 Qxf6 39. Rc3 Rgf8 40. f3
Rf7 41. Nb4 Nf8 42. Qc2 Qxd4 43. Rxc7 Rxc7 44. Qxc7+ Kg8 45. Nc6 Qf6 46. Rf1
Ng6 47. b4 1/2-1/2